Блицын. О своем согласии

Доступно только в Электронных читальных залах Найти на картеНа карте
RUSMARC
00004049nac2a22002893x 450
00124863b50-f3d5-42e3-abd1-37451aa66c0e
00520211210131149.0
100##$a20211120l1906 k y0rusy50 ca
1010#$arus
102##$aRU
105##$ay z |||||
1220#$ad19061231
2001#$aБлицын. О своем согласии
$j1906
215##$a1 лист
251##$cДело
300##$aЗаголовок дела на папке: Телеграмма Блицына - Звегинцеву Ал. Ив. (О своем согласии)
300##$aЛист: 1 - телеграмма (лист поврежден)
300##$aРукописный текст
330##$aВходит в раздел описи: 1. Письма к А. И. Звегинцову. 3/ Письма имущественно-хозяйственного характера
461#0$1001fc48e33c-c630-4015-85dd-2f2aab656f45
$12001
$aЗвегинцев Александр Иванович, помещик Воронежской губернии, депутат III Государственной думы, член партии "Союз 17 октября"
$1251
$cФонд
$1852
$j932
462#0$1001ddcf82e7-7bd9-4c5e-b7f1-85df8b3febb3
$12001
$aДела постоянного хранения. 1899-1913 гг.
$vД. 436
$1251
$cОпись
$1852
$j1
5171#$aТелеграмма Блицына - Звегинцеву Ал. Ив. (О своем согласии)
600#1$aЗвегинцев
$bА. И.
$gАлександр Иванович
600#1$aБлицын
801#0$aRU
$bGA_RF
801#1$aRU
$bГлавНИВЦ
$c20211120
$2rusmarc
801#2$aRU
$bПБ им. Б.Н. Ельцина
$c20211210
$gRCR
$2rusmarc
852##$aГА РФ
$j436
937##$d171419847
$hГАРФ
035##$aRuPRLIB51062678
856##$uhttp://readingroom.main.prlib.ru/item.aspx?id_node=n171419847&mode=full
Формат отображения